000 00582nam a2200265Ia 4500
005 20260306163904.0
008 008 260114s9999 xx 000 0 eng d
020 _a9781447303565
037 _aEBOOK
040 _aCRL
040 _beng
040 _cCRL
041 _2eng
041 _aeng
084 _qCRL
100 _aButler
245 0 _aSocial Work On Trial
260 _bThe Policy Press
260 _c2012
650 _aSocial Work
856 _uhttps://academic.oup.com/book/16972
942 _cEBOOK
999 _c1711895
_d1711895